00377nam a22001337a 4500999001900000020001800019040000800037082001500045100002700060245004000087300000900127942001200136952009500148 c533656d533656 a9780684841274 cdlc a973.924092 a Stanley Kutler927607 aAbuse of Power: The New Nixon Tapes a675p 2ddccBK 00102ddc4070aNITbNITd2020-01-15l0o973.924092pNIT-9253r2020-01-15w2020-01-15yBK